000 00505nam a22001817a 4500
003 CEME
005 20210628205125.0
008 210226b xxu||||| |||| 00| 0 eng d
040 _c.
082 _a658. AQU'F
100 _aAquilano, N. J Chase, R. B Davis, M. M
_974048
245 _aFundamentals of operations management instructor's edition
250 _a2ND
260 _aCHICAGO
_bIRWIN
_c1995
300 _aXVIII, 667P
650 _aPRODUCTION MANAGEMENT ACC NO-30519
_974049
942 _cBK
_2ddc
999 _c579626
_d579626